000 00692nam a2200229Ii 4500
003 JO-AjNU
008 230605s9999||||xx |||||||||||||| ||und||
017 _a2007/9
020 _a977-422-052-8
040 _aJO-AjNU
_bara
_erda
_cJO-AjNU
041 _aara
050 1 4 _aHF5415.S238.2011
100 3 _aالصحن، محمد فريد/مصطفى محمود ابو بكر,
_eauthor
_944239
245 0 0 _aبحوث التسويق
250 _aط2
264 3 1 _aالاسكندرية:الدار الجامعية؛2011
300 _a281ص
336 _atext
_btxt
_2rdacontent
337 _aunmediated
_bn
_2rdamedia
338 _avolume
_bnc
_2rdacarrier
650 4 _aالتسويق
_944240
999 _aA19086
_c22654
_d22654